| 000 | 00658nam a22001937a 4500 | ||
|---|---|---|---|
| 005 | 20251108172926.0 | ||
| 008 | 250721s2003 xx 000 0 ara d | ||
| 082 | 1 | 4 | _a956.532/تار |
| 100 | 1 |
_aالطويسي، باسم _eed. |
|
| 245 | 1 | 0 | _a" أعمال مؤتمر " التاريخ الإجتماعي لمنطقة البتراء و جوارها : الإستمرارية و التغير / |
| 264 | 1 |
_aالبتراء : _bبيت الأنباط، _c2003. |
|
| 300 | _a268 ص | ||
| 650 | 1 | 7 | _aتاريخ الأردن |
| 650 | 1 | 7 | _aالبتراء |
| 650 | 1 | 7 | _aالأنباط |
| 710 | 2 | _aمؤتمر 29 - 30/8/2002 | |
| 942 |
_2ddc _cBK |
||
| 999 |
_c91974 _d91974 |
||